| 000 | 01309njm a22002537a 4500 | ||
|---|---|---|---|
| 005 | 20100909101331.0 | ||
| 007 | sd ammalaaahaa | ||
| 008 | 100909t xxu||||| |||| 00| 0 hin d | ||
| 028 |
_aN. 54920 _bHis Master's Voice |
||
| 035 | _aGR-01456 | ||
| 040 | _aSED/VEN | ||
| 100 |
_aMohd. Rafi _919035 |
||
| 245 |
_aJab jab phool khile : _bhindustani / _cby Mohd. Rafi, Suman Kalyanpur & Lata Mangeshkar ; music Kalyanji Anandji ; lyric Anand Bakshi _h[sound recording] : |
||
| 246 | _aजब जब फूल खिले (मोहमद. रफ़ी, सुमन कल्यानपुर और लता मंगेशकर) | ||
| 260 |
_aDum Dum, India _bHis Master's Voice _c1965 |
||
| 300 |
_a1 sound record [Gramohpone record] : _banalog, 33. 1/3 rpm _c10 in. _fGramohpone record |
||
| 500 | _aBrief record. | ||
| 505 |
_aNa na karte pyar tumhi se (Mohd. Rafi) न न करते प्यार तुम्ही से भाग १ Pardesiyo se na aankhiyan (Lata Mangeshkar) परदेसीयो से न अंखियाँ भाग २ _g |
||
| 650 |
_aClassical Music _xExcerpts _zIndia _919036 |
||
| 700 |
_aKalyanji Anandji _919051 |
||
| 700 |
_aBakshi, Anand _919225 |
||
| 942 |
_2ddc _cGR |
||
| 999 |
_c44909 _d44909 |
||